UM Logo
Normal view MARC view
  • Rowe, William J.

Entry Personal Name

Number of records used in: 1

001 - CONTROL NUMBER

  • control field: 49677

003 - CONTROL NUMBER IDENTIFIER

  • control field: OSt

005 - DATE AND TIME OF LATEST TRANSACTION

  • control field: 20231018100827.0

008 - FIXED-LENGTH DATA ELEMENTS

  • fixed length control field: 231018|| aca||aabn | a|a d

040 ## - CATALOGING SOURCE

  • Original cataloging agency: OSt
  • Transcribing agency: OSt

100 ## - HEADING--PERSONAL NAME

  • Personal name: Rowe, William J.
  • Relator term: author.

670 ## - SOURCE DATA FOUND

  • Source citation: Work cat.: (OSt): Lemken, Russell K. author. 49675, Confronting the customer-engagement paradox in sales leader succession /, Summer 2020.